00572 2200205 4500001002100000005001500021035002000036007000300056008004100059020002200100082000800122084001400130100002700144245008400171250001100255260003700266300003000303650002000333990001300353INLIS00000000000073920230127084908 a0010-0123000206ta230127 g f ind  a978-602-8174-35-0 a813 a813 GOR b0 aGorge Junus Aditjondro1 aBongkar gurita cikeas :bDIbalik skandal bank century /cGorge Junus Aditjondro acet. 1 aJogyakarta :bGalangpress,c2010 a183 hlm. :bIlus ;c23cm. 4aFiksi Indonesia a10221022